|
|
|
|
| LEADER |
01153nam a2200277 a 4500 |
| 001 |
2892631 |
| 008 |
090528s1985 bg ab b i001 0 eng d |
| 010 |
|
|
|a \\\86903177
|
| 040 |
|
|
|a DLC
|c DLC
|d DLC
|
| 082 |
0 |
0 |
|a 305.3/09549/2
|2 19
|
| 100 |
1 |
|
|a Aziz, K. M. Ashraful.
|
| 245 |
1 |
0 |
|a Life stages, gender, and fertility in Bangladesh /
|c K.M. Ashraful Aziz, Clarence Maloney.
|
| 260 |
|
|
|a Dhaka, Bangladesh :
|b International Centre for Diarrhoeal Disease Research, Bangladesh,
|c 1985.
|
| 300 |
|
|
|a xi, 231 p. :
|b ill., map ;
|c 25 cm.
|
| 490 |
1 |
|
|a Monograph ;
|v no. 3
|
| 504 |
|
|
|a Bibliography: p. [213]-224.
|
| 500 |
|
|
|a Includes index.
|
| 541 |
1 |
|
|e 00005029
|
| 650 |
|
0 |
|a Sex role
|z Bangladesh.
|
| 650 |
|
0 |
|a Birth control
|z Bangladesh.
|
| 650 |
|
0 |
|a Life cycle, Human.
|
| 700 |
1 |
|
|a Maloney, Clarence.
|
| 830 |
|
0 |
|a Monograph (International Centre for Diarrhoeal Disease Research, Bangladesh) ;
|v no. 3.
|
| 852 |
4 |
|
|a Ayesha Abed Library
|j General shelf
|
| 999 |
|
|
|c 1118
|d 1118
|
| 952 |
|
|
|0 0
|1 0
|2 ddc
|4 0
|6 305_309549200000000_AZI
|7 0
|9 17636
|a BRACUL
|b BRACUL
|c GEN
|d 2011-07-26
|g 0.00
|l 0
|o 305.3095492 AZI
|p 3010005029
|r 2011-07-26
|t 1
|w 2011-07-26
|y BK
|z Not price in Register
|